Campos electromagnéticos: silenciosos, ubicuos, inquietantes

Gespeichert in:
Bibliographische Detailangaben
1. Verfasser: Costa Morata, Pedro (VerfasserIn)
Format: Buch
Sprache:Spanisch
Veröffentlicht: Madrid Troya 1996
Schlagworte:
Tags: Tag hinzufügen
Keine Tags, Fügen Sie den ersten Tag hinzu!

MARC

LEADER 00000nam a2200000 a 4500
001 UCG1004
003 CL-VaPUC
008 100415e19960000SP |||||||||||||||||spa|d
020 |a 8488149018 
082 0 4 |a 537  |b COS  |2 21 
100 0 |a Costa Morata, Pedro  |e author  |9 548733 
245 1 0 |a Campos electromagnéticos: silenciosos, ubicuos, inquietantes 
300 |a 213 p 
942 |c BK 
945 |d 20100415 00:00:00  |a dcastane 
260 |a Madrid  |b Troya  |c 1996 
650 0 |a Electromagnetismo   |9 260123 
650 7 |a CAMPOS ELECTRICOS  |2 CL-VaPUC  |9 548734 
650 7 |a CAMPOS MAGNETICOS  |2 CL-VaPUC  |9 548735 
650 0 |a Ondas electromagnéticas  |9 354947 
583 |a last modification  |c 20100415 00:00:00  |k Rodrigo Vera 
999 |c 340485  |d 340483 
952 |0 0  |1 0  |4 0  |6 537_000000000000000_COS_1996  |7 0  |8 A  |9 435255  |a BIBCUR  |b BIBCUR  |d 2019-11-22  |i 4648366  |o 537 COS 1996  |p 4648366  |r 2025-04-22  |w 2019-11-22  |y BK  |k FIS